000
00188 a2200097 4500
020
_a
8437230136
041
_a
spa
100
_a
Sherard,Hernest H
245
_a
El Rincon de Puh
942
_c
BK
999
_c
31755
_d
31753